[Event "Montigny le Bretonneux op 21st"]
[Site "Montigny le Bretonneux"]
[Date "2021.12.28"]
[Round "3"]
[White "Tanchoux, Pierre"]
[Black "Chaintreau, Cedric"]
[Result "1-0"]
[WhiteElo "1312"]
[BlackElo "1092"]
[PlyCount "102"]
[EventDate "2021.12.26"]
[EventType "swiss"]
[EventRounds "9"]
[EventCountry "FRA"]
[SourceTitle "EXT 2023"]
[Source "ChessBase"]
[SourceDate "2022.10.05"]
[SourceVersion "1"]
[SourceVersionDate "2022.10.05"]
[SourceQuality "1"]

1. d4 d5 2. Nf3 Bg4 3. e3 Nc6 4. Be2 e6 5. a3 Bd6 6. Nbd2 Nf6 7. b3 0-0 8. Bb2 Re8 9. Ne5 Bxe2 10. Qxe2 Bxe5 11. dxe5 Nd7 12. Nf3 Ne7 13. 0-0 c6 14. Rad1 Ng6 15. Qd2 Qc7 16. Qc3 b5 17. b4 Nb6 18. Ba1 Nc4 19. Rfe1 a5 20. e4 axb4 21. axb4 Red8 22. exd5 Rxd5 23. Rxd5 cxd5 24. Qd4 Na3 25. Rc1 Nxc2 26. Qb2 Rxa1 27. Qxa1 Nxa1 28. Rxc7 Nb3 29. Rc8+ Nf8 30. Rc3 Na1 31. Nd4 Nd7 32. Rc8+ Nf8 33. Nxb5 Nb3 34. Na7 g6 35. b5 Kg7 36. b6 Na5 37. Nc6 Nxc6 38. Rxc6 Nd7 39. f4 f6 40. exf6+ Kxf6 41. b7 Ke7 42. Kf2 h6 43. Ke3 g5 44. fxg5 hxg5 45. Kd4 Nb8 46. Rc7+ Kd6 47. Rg7 Nc6+ 48. Kc3 d4+ 49. Kc4 e5 50. Rxg5 e4 51. b8Q+ Nxb8 1-0

[Event "Montigny le Bretonneux Noel op 19th"]
[Site "Montigny le Bretonneux"]
[Date "2018.12.27"]
[Round "1"]
[White "Artieres, Michel"]
[Black "Chaintreau, Cedric"]
[Result "1-0"]
[WhiteElo "1760"]
[BlackElo "1399"]
[PlyCount "45"]
[EventDate "2018.12.26"]
[EventType "swiss"]
[EventRounds "7"]
[EventCountry "FRA"]
[SourceTitle "CBM 188 Extra"]
[Source "ChessBase"]
[SourceDate "2019.02.26"]
[SourceVersion "1"]
[SourceVersionDate "2019.02.26"]
[SourceQuality "1"]

1. e4 e5 2. Nf3 d6 3. d4 exd4 4. Nxd4 Nf6 5. Nc3 c6 6. Bd3 Nbd7 7. 0-0 Be7 8. Nf5 0-0 9. Bg5 Ne5 10. Nxe7+ Qxe7 11. f4 Bg4 12. Qd2 Nxd3 13. cxd3 Rfe8 14. h3 Bd7 15. Rae1 h6 16. Bh4 Qe6 17. f5 Qe5 18. d4 Qa5 19. Bxf6 gxf6 20. Qxh6 d5 21. e5 Qb4 22. Rf4 Rxe5 23. Rg4# 1-0